Ciencia para maestros; segunda parte /
Guardado en:
| Autor Principal: | |
|---|---|
| Formato: | Libro |
| Publicado: |
Buenos Aires :
Marymar,
1980
|
| Edición: | 3a. ed. |
| Series: | Orientaciónes teóricopr c., 2
|
| Materias: | |
| Etiquetas: |
Agregar Etiqueta
Sin Etiquetas, Sea el primero en etiquetar este registro!
|
| LEADER | 00506nam a22001815a 4500 | ||
|---|---|---|---|
| 001 | CEM.cems005307 | ||
| 005 | 20060220000000.0 | ||
| 008 | 130507s1980##################000#0#####d | ||
| 003 | CEMS | ||
| 082 | 0 | 4 | |a 372 |
| 100 | 1 | |a Ratto, Jorge A. | |
| 245 | 1 | 0 | |a Ciencia para maestros; segunda parte / |
| 250 | |a 3a. ed. | ||
| 260 | |a Buenos Aires : |b Marymar, |c 1980 | ||
| 300 | |a 300 p. | ||
| 490 | 0 | |a Orientaciónes teóricopr c., 2 | |
| 653 | |a Educacion | ||
| 859 | |a CEMS |b BIB. CEMS - 11 de abril |h 372 |i R186a3/II |p 11243.82 |t Ej.1 | ||
